Score 0/16 Timer 06:00
0 Plays Today
County Seat County % Correct
CartersvilleBartow
89.7%
MaconBibb
89.7%
JacksonButts
89.7%
StatesboroBulloch
88.7%
FitzgeraldBen Hill
87.6%
MilledgevilleBaldwin
85.6%
WinderBarrow
85.6%
AlmaBacon
83.5%
County Seat County % Correct
NewtonBaker
82.5%
NashvilleBerrien
81.4%
CochranBleckley
80.4%
WaynesboroBurke
78.4%
HomerBanks
77.3%
QuitmanBrooks
75.3%
NahuntaBrantley
74.2%
PembrokeBryan
74.2%
Remove Ads.
Support Sporcle.
Get the best of Sporcle when you Go Orange. This ad-free experience offers more features, more stats, and more fun while also helping to support Sporcle. Thank you for becoming a member.

You're not logged in!

Compare scores with friends on all Sporcle quizzes.
OR
Log In

Show Comments

Extras

Top Quizzes Today


Score Distribution

Your Account Isn't Verified!

In order to create a playlist on Sporcle, you need to verify the email address you used during registration. Go to your Sporcle Settings to finish the process.

Report this User

Report this user for behavior that violates our Community Guidelines.

Details: